Normal view
MARC view
- Deitel, P.J, Deitel, H.M, Nieto, T.R
Entry Personal Name
001 - CONTROL NUMBER
- control field: 63380
003 - CONTROL NUMBER IDENTIFIER
- control field: NUST
005 - DATE AND TIME OF LATEST TRANSACTION
- control field: 20210628203118.0
008 - FIXED-LENGTH DATA ELEMENTS
- fixed length control field: 210628|| aca||aabn | a|a d
040 ## - CATALOGING SOURCE
- Original cataloging agency: NUST
- Transcribing agency: NUST
100 ## - HEADING--PERSONAL NAME
- Personal name: Deitel, P.J, Deitel, H.M, Nieto, T.R
670 ## - SOURCE DATA FOUND
- Source citation: Work cat.: (NUST): Deitel, P.J, Deitel, H.M, Nieto, T.R, Xml, how to program, 2001
